Guess the language based on their word for hello - Statistics

General Stats
  • This quiz has been taken 56 times
  • The average score is 11 of 14
Answer Stats
Hint Language % Correct
Bonjour French
100%
Konnichiwa Japanese
100%
Hola Spanish
100%
Guten Tag German
98%
Asalaam alaikum Arabic
91%
Annyeonghaseyo Korean
89%
Ciao Italian
87%
Olá Portuguese
87%
Shalom Hebrew
78%
Nǐn hǎo Mandarin
78%
Zdravstvuyte Russian
69%
Merhaba Turkish
55%
Yassas Greek
44%
Shikamoo Swahili
35%
No matching quizzes found
Score Distribution
Percent of People with Each Score
Percentile by Number Answered
Your Score History
You have not taken this quiz